[Event "IECG CN.2005.0.00387 email"]
[Site "IECG email"]
[Date "2005.01.30"]
[Round "?"]
[White "Vio, Mauro"]
[Black "Meireles, Alberto"]
[Result "0-1"]
[WhiteElo "876"]
[BlackElo "800"]
[PlyCount "56"]
[EventDate "2005.01.30"]
[EventType "tourn (corr)"]
[EventRounds "6"]
[SourceTitle "Corr 2008"]
[Source "ChessBase"]
[SourceDate "2008.06.24"]
[SourceVersion "1"]
[SourceVersionDate "2008.06.24"]
[SourceQuality "1"]

1. e4 e5 2. Nf3 Nc6 3. Nc3 Nf6 4. Bc4 Nxe4 5. Nxe4 d5 6. Bd3 dxe4 7. Bxe4 Bd6 8. d4 exd4 9. Nxd4 0-0 10. Nxc6 Qh4 11. Qe2 Re8 12. Bxh7+ Kf8 13. Be3 Bg4 14. g3 Qh5 15. Qc4 Bf3 16. Rg1 Rxe3+ 17. fxe3 Qxh2 18. Kf1 bxc6 19. Be4 Bxg3 20. Qc5+ Kg8 21. Rxg3 Qxg3 22. Bxf3 Qxf3+ 23. Kg1 Rd8 24. Qb4 Rd6 25. Qxd6 cxd6 26. Re1 g5 27. Rf1 Qxe3+ 28. Kh1 f5 0-1